Skelling / (Record no. 8168)

MARC details
000 -LEADER
fixed length control field 00958nam a22002897a 4500
001 - CONTROL NUMBER
control field 8168
003 - CONTROL NUMBER IDENTIFIER
control field FISKH
005 - DATE AND TIME OF LATEST TRANSACTION
control field 20250901092300.0
008 - FIXED-LENGTH DATA ELEMENTS--GENERAL INFORMATION
fixed length control field 250901b cb ||||| |||| 00| 0 eng d
020 ## - INTERNATIONAL STANDARD BOOK NUMBER
International Standard Book Number 9780440416029
040 ## - CATALOGING SOURCE
Original cataloging agency FISKH
Language of cataloging eng
Transcribing agency FISKH
Modifying agency FISKH
050 ## - LIBRARY OF CONGRESS CALL NUMBER
Classification number PZ7.A448 S
082 ## - DEWEY DECIMAL CLASSIFICATION NUMBER
Classification number 823.914
100 ## - MAIN ENTRY--PERSONAL NAME
Personal name Almond, David
Dates associated with a name (1951-)
245 ## - TITLE STATEMENT
Title Skelling /
Statement of responsibility, etc. By David Almond
250 ## - EDITION STATEMENT
Edition statement This edition first published in 1998
260 ## - PUBLICATION, DISTRIBUTION, ETC.
Place of publication, distribution, etc. New York :
Name of publisher, distributor, etc. Yearling,
Date of publication, distribution, etc. 1998
300 ## - PHYSICAL DESCRIPTION
Extent 182 pages :
Dimensions 20 cm
505 ## - FORMATTED CONTENTS NOTE
Formatted contents note J<br/>
520 ## - SUMMARY, ETC.
Summary, etc. Unhappy about his baby sister's illness and the chaos of moving into a dilapidated old house, Michael retreats to the garage and finds a mysterious stranger who is something like a bird and something like an angel.<br/>
521 8# - TARGET AUDIENCE NOTE
Target audience note 490<br/>
Source Lexile<br/>
521 8# - TARGET AUDIENCE NOTE
Target audience note J<br/>
Source Raz-Plus<br/>
650 ## - SUBJECT ADDED ENTRY--TOPICAL TERM
Source of heading or term Angels
Topical term or geographic name entry element Carnegie Medal
650 ## - SUBJECT ADDED ENTRY--TOPICAL TERM
Source of heading or term Magical realism
Topical term or geographic name entry element Printz Honor
942 ## - ADDED ENTRY ELEMENTS (KOHA)
Source of classification or shelving scheme Dewey Decimal Classification
Koha item type Books
Suppress in OPAC No
Holdings
Withdrawn status Lost status Source of classification or shelving scheme Damaged status Not for loan Collection Home library Current library Shelving location Date acquired Total Checkouts Full call number Barcode Date last seen Date last checked out Copy number Price effective from Koha item type
    Dewey Decimal Classification     Juvenile Fiction Footprints International School Library Network Toul Tom Poung Campus Footprints International School Library Network Toul Tom Poung Campus TTP Primary Dark Blue Bookshelves 09/01/2025 1 ALM 823.914 PZ7.A448 S FIS00900 03/12/2026 03/05/2026 1 09/01/2025 Books